000 02237cam a22005174i 4500
003 PE-LiUPU
005 20250731173600.0
008 150617s1947 nyu r 000 0 eng d
035 _a(Sirsi) a13021
040 _aPE-LiUPU
_bspa
_cPE-LiUPU
_erda
049 _aPRUA
082 0 4 _a220.52
_bH761
_221
130 _aBiblia.
_lInglés
_f1611
_sKing James Versión.
245 1 4 _aThe Holy Bible :
_bContaining the Old and New Testaments. Translates out of original tongues and with the former translations diligently compared & revised. Set forth in 1611 and commonly knows as the King James Version /
_cAmerican Bible Society.
264 1 _aNew York :
_bAmerican Bible Society,
_c1611.
300 _a848 páginas (Old testament), 263 páginas (New Testament) ;
_c21 centímetros.
336 _atext
_2rdacontent
337 _aunmediated
_2rdamedia
338 _avolume
_2rdacarrier
505 0 _aOld Testament -- New Testament.
526 _aSEG42
526 _aSEG41
526 _aSEG40
526 _aSEG39
526 _aP94
526 _aP87
526 _aP86
526 _aP85
526 _aP77
526 _aP76
526 _aP35
630 0 _aBiblia.
_lInglés
_f1611
_sKing James Version.
_9954
910 _ajck
942 _2ddc
_cBK
_n0
949 _a220.52 K58
_wDEWEY
_c1
_i04501
_lCCODEBUL1
_mBUL
_p14.00
_r0
_sY
_tBOOK
_u19920329
_xTEOLOGIA
_0COMPRA
_o.STAFF. Colección Teología
949 _a220.52 K58
_wDEWEY
_c2
_i02017
_lCCODEBUL1
_mBUL
_p14.00
_r0
_sY
_tBOOK
_u19920329
_xTEOLOGIA
_0COMPRA
_o.STAFF. Colección Teología
949 _a220.52 K58
_wDEWEY
_c3
_i04499
_lCCODEBUL1
_mBUL
_p14.00
_r0
_sY
_tBOOK
_u19920329
_xTEOLOGIA
_0COMPRA
_o.STAFF. Colección Teología
949 _a220.52 K58
_wDEWEY
_c4
_i04500
_lCCODEBUL1
_mBUL
_p14.00
_r0
_sY
_tBOOK
_u19920329
_xTEOLOGIA
_0COMPRA
_o.STAFF. Colección Teología
949 _a220.52 K58
_wDEWEY
_c5
_i53998
_lCCODEBUL1
_mBUL
_p14.00
_r0
_sY
_tBOOK
_u19920329
_xTEOLOGIA
_0COMPRA
_o.STAFF. Colección Teología
980 _81
_gALBERTO SANCHEZ Responsable de Automatización
_618226
_aJaime Vilcazán Jefe de Análisis Documental
999 _c62268
_d62267